[Event "45th FIDE Chess Olympiad Open"]
[Site "Budapest, Hungary"]
[Date "2024.09.22"]
[Round "11"]
[White "Vidit, Santosh Gujrathi"]
[Black "Sebenik, Matej"]
[Result "1/2-1/2"]
[Board "4"]
[WhiteFideId "5029465"]
[BlackFideId "14602296"]
[WhiteTitle "GM"]
[BlackTitle "GM"]
[WhiteElo "2720"]
[BlackElo "2515"]
[WhiteTeam "India"]
[BlackTeam "Slovenia"]
[WhiteClock "0:05:22"]
[BlackClock "0:11:05"]
[Variant "Standard"]

1. e4 {[%clk 1:29:56]}  c5 {[%clk 1:30:48]} 2. Nf3 {[%clk 1:30:07]}  Nc6 {[%clk 1:31:09]} 3. Bb5 {[%clk 1:30:08]}  Nf6 {[%clk 1:31:28]} 4. Nc3 {[%clk 1:24:58]}  Nd4 {[%clk 1:31:33]} 5. e5 {[%clk 1:25:00]}  Nxb5 {[%clk 1:31:28]} 6. Nxb5 {[%clk 1:25:22]}  Nd5 {[%clk 1:31:50]} 7. Qe2 {[%clk 1:25:25]}  d6 {[%clk 1:28:01]} 8. exd6 {[%clk 1:00:57]}  a6 {[%clk 1:27:59]} 9. Nc7+ {[%clk 0:58:15]}  Nxc7 {[%clk 1:28:19]} 10. dxc7 {[%clk 0:58:43]}  Qxc7 {[%clk 1:28:41]} 11. b3 {[%clk 0:57:48]}  Bg4 {[%clk 1:18:39]} 12. Bb2 {[%clk 0:57:50]}  Qc6 {[%clk 1:12:42]} 13. Rg1 {[%clk 0:53:34]}  f6 {[%clk 1:00:07]} 14. a4 {[%clk 0:48:31]}  Rc8 {[%clk 0:46:43]} 15. d3 {[%clk 0:45:22]}  Qe6 {[%clk 0:46:11]} 16. Qe3 {[%clk 0:37:43]}  g6 {[%clk 0:42:02]} 17. a5 {[%clk 0:31:17]}  Rc6 {[%clk 0:33:47]} 18. Kf1 {[%clk 0:29:10]}  h5 {[%clk 0:27:47]} 19. Qf4 {[%clk 0:24:17]}  Bh6 {[%clk 0:25:44]} 20. Qg3 {[%clk 0:21:38]}  Kf7 {[%clk 0:24:59]} 21. h3 {[%clk 0:18:38]}  Bxf3 {[%clk 0:22:06]} 22. Qxf3 {[%clk 0:19:01]}  Rd8 {[%clk 0:22:18]} 23. g4 {[%clk 0:18:33]}  Qd5 {[%clk 0:18:18]} 24. Qxd5+ {[%clk 0:18:42]}  Rxd5 {[%clk 0:18:44]} 25. Ra4 {[%clk 0:19:06]}  Bg7 {[%clk 0:06:50]} 26. Ke2 {[%clk 0:17:38]}  hxg4 {[%clk 0:06:12]} 27. hxg4 {[%clk 0:18:04]}  f5 {[%clk 0:06:36]} 28. Bxg7 {[%clk 0:18:08]}  Kxg7 {[%clk 0:07:03]} 29. g5 {[%clk 0:17:24]}  Rd4 {[%clk 0:06:17]} 30. Rc4 {[%clk 0:15:09]}  Kf7 {[%clk 0:02:07]} 31. Rh1 {[%clk 0:14:16]}  Ke6 {[%clk 0:01:06]} 32. Ke3 {[%clk 0:13:21]}  f4+ {[%clk 0:01:20]} 33. Kf3 {[%clk 0:12:06]}  Kf5 {[%clk 0:01:48]} 34. Rh7 {[%clk 0:10:57]}  Rxc4 {[%clk 0:01:04]} 35. bxc4 {[%clk 0:09:45]}  Re6 {[%clk 0:00:59]} 36. Rh4 {[%clk 0:07:25]}  Kxg5 {[%clk 0:00:41]} 37. Rg4+ {[%clk 0:07:49]}  Kf6 {[%clk 0:00:44]} 38. Rxf4+ {[%clk 0:08:04]}  Kg7 {[%clk 0:00:45]} 39. Rg4 {[%clk 0:05:46]}  Re5 {[%clk 0:00:56]} 40. Rg1 {[%clk 0:03:23]}  Rf5+ {[%clk 0:01:24]} 41. Ke3 {[%clk 0:03:18]}  Re5+ {[%clk 0:28:18]} 42. Kd2 {[%clk 0:31:12]}  Rf5 {[%clk 0:28:40]} 43. Rf1 {[%clk 0:30:08]}  Kf7 {[%clk 0:21:38]} 44. f3 {[%clk 0:27:24]}  Rf6 {[%clk 0:19:20]} 45. Ke3 {[%clk 0:24:53]}  Re6+ {[%clk 0:18:21]} 46. Kf2 {[%clk 0:24:53]}  b5 {[%clk 0:11:57]} 47. axb6 {[%clk 0:17:30]}  Rxb6 {[%clk 0:12:23]} 48. Ke3 {[%clk 0:16:04]}  Re6+ {[%clk 0:11:18]} 49. Kf4 {[%clk 0:12:53]}  Re2 {[%clk 0:09:48]} 50. Ra1 {[%clk 0:12:58]}  e5+ {[%clk 0:10:06]} 51. Kg3 {[%clk 0:12:54]}  Rxc2 {[%clk 0:10:30]} 52. Rxa6 {[%clk 0:13:18]}  Rd2 {[%clk 0:09:33]} 53. Rd6 {[%clk 0:10:23]}  Ke7 {[%clk 0:09:56]} 54. Rd5 {[%clk 0:04:38]}  Ke6 {[%clk 0:10:08]} 55. Rxc5 {[%clk 0:04:38]}  Rxd3 {[%clk 0:10:31]} 56. Kg4 {[%clk 0:04:07]}  Rd4+ {[%clk 0:10:28]} 57. Kg3 {[%clk 0:04:32]}  Kd6 {[%clk 0:10:14]} 58. Rc8 {[%clk 0:04:57]}  Kd7 {[%clk 0:10:38]} 59. Rc5 {[%clk 0:05:22]}  Kd6 {[%clk 0:11:05]} 1/2-1/2

[Event "45th FIDE Chess Olympiad Open"]
[Site "Budapest, Hungary"]
[Date "2024.09.22"]
[Round "11"]
[White "Shirov, Alexei"]
[Black "Rapport, Richard"]
[Result "1/2-1/2"]
[Board "5"]
[WhiteFideId "2209390"]
[BlackFideId "738590"]
[WhiteTitle "GM"]
[BlackTitle "GM"]
[WhiteElo "2666"]
[BlackElo "2715"]
[WhiteTeam "Spain"]
[BlackTeam "Hungary"]
[WhiteClock "0:00:48"]
[BlackClock "0:09:39"]
[Variant "Standard"]

1. e4 {[%clk 1:30:58]}  c6 {[%clk 1:29:34]} 2. d4 {[%clk 1:31:10]}  d5 {[%clk 1:30:01]} 3. e5 {[%clk 1:31:21]}  Bf5 {[%clk 1:30:26]} 4. Nf3 {[%clk 1:31:18]}  e6 {[%clk 1:30:48]} 5. Be2 {[%clk 1:31:44]}  Nd7 {[%clk 1:31:00]} 6. O-O {[%clk 1:31:17]}  a5 {[%clk 1:31:25]} 7. a4 {[%clk 1:27:02]}  f6 {[%clk 1:31:44]} 8. Nh4 {[%clk 1:18:37]}  fxe5 {[%clk 1:31:17]} 9. Nxf5 {[%clk 1:18:59]}  exf5 {[%clk 1:31:43]} 10. dxe5 {[%clk 1:19:15]}  Nxe5 {[%clk 1:31:31]} 11. Re1 {[%clk 1:10:10]}  Bd6 {[%clk 1:25:19]} 12. Bf4 {[%clk 0:38:57]}  Ng6 {[%clk 1:16:18]} 13. Bxd6 {[%clk 0:23:52]}  Qxd6 {[%clk 1:15:43]} 14. Qd4 {[%clk 0:22:13]}  N8e7 {[%clk 0:58:41]} 15. Qxg7 {[%clk 0:21:35]}  O-O-O {[%clk 0:58:42]} 16. Qc3 {[%clk 0:21:19]}  Rhg8 {[%clk 0:52:30]} 17. Nd2 {[%clk 0:21:12]}  Nh4 {[%clk 0:41:01]} 18. Bf1 {[%clk 0:18:42]}  Kb8 {[%clk 0:34:15]} 19. Qe5 {[%clk 0:15:38]}  Nhg6 {[%clk 0:29:56]} 20. Qxd6+ {[%clk 0:16:00]}  Rxd6 {[%clk 0:30:25]} 21. Nb3 {[%clk 0:14:52]}  f4 {[%clk 0:26:43]} 22. Nd4 {[%clk 0:12:57]}  Rf6 {[%clk 0:26:12]} 23. Re6 {[%clk 0:08:26]}  Rgf8 {[%clk 0:21:35]} 24. Rae1 {[%clk 0:08:25]}  Rxe6 {[%clk 0:19:41]} 25. Nxe6 {[%clk 0:06:13]}  Rf6 {[%clk 0:19:24]} 26. Bd3 {[%clk 0:05:33]}  Kc8 {[%clk 0:18:22]} 27. c3 {[%clk 0:04:06]}  Kd7 {[%clk 0:16:49]} 28. Nc5+ {[%clk 0:04:26]}  Kc7 {[%clk 0:17:16]} 29. b4 {[%clk 0:04:16]}  b6 {[%clk 0:16:33]} 30. Nb3 {[%clk 0:04:19]}  axb4 {[%clk 0:15:18]} 31. cxb4 {[%clk 0:04:46]}  Kd6 {[%clk 0:14:44]} 32. a5 {[%clk 0:04:46]}  bxa5 {[%clk 0:14:02]} 33. Nxa5 {[%clk 0:05:03]}  Nf5 {[%clk 0:07:40]} 34. Nb7+ {[%clk 0:04:16]}  Kc7 {[%clk 0:08:08]} 35. Nc5 {[%clk 0:04:41]}  Nd4 {[%clk 0:08:34]} 36. f3 {[%clk 0:01:50]}  Kd6 {[%clk 0:08:14]} 37. Nb7+ {[%clk 0:02:15]}  Kc7 {[%clk 0:08:42]} 38. Nc5 {[%clk 0:02:40]}  Kd6 {[%clk 0:09:10]} 39. Nb7+ {[%clk 0:00:48]}  Kc7 {[%clk 0:09:39]} 1/2-1/2

[Event "45th FIDE Chess Olympiad Open"]
[Site "Budapest, Hungary"]
[Date "2024.09.22"]
[Round "11"]
[White "Leko, Peter"]
[Black "Anton Guijarro, David"]
[Result "1/2-1/2"]
[Board "6"]
[WhiteFideId "703303"]
[BlackFideId "2285525"]
[WhiteTitle "GM"]
[BlackTitle "GM"]
[WhiteElo "2666"]
[BlackElo "2665"]
[WhiteTeam "Hungary"]
[BlackTeam "Spain"]
[WhiteClock "0:01:56"]
[BlackClock "0:33:05"]
[Variant "Standard"]

1. e4 {[%clk 1:30:57]}  e5 {[%clk 1:30:49]} 2. Nf3 {[%clk 1:31:19]}  Nc6 {[%clk 1:31:13]} 3. Bb5 {[%clk 1:31:41]}  a6 {[%clk 1:31:23]} 4. Ba4 {[%clk 1:32:05]}  Nf6 {[%clk 1:31:42]} 5. O-O {[%clk 1:32:26]}  Be7 {[%clk 1:31:52]} 6. Re1 {[%clk 1:32:44]}  b5 {[%clk 1:31:57]} 7. Bb3 {[%clk 1:33:07]}  O-O {[%clk 1:31:57]} 8. a4 {[%clk 1:30:44]}  b4 {[%clk 1:31:34]} 9. d4 {[%clk 1:25:41]}  d6 {[%clk 1:31:30]} 10. dxe5 {[%clk 1:26:02]}  Nxe5 {[%clk 1:31:36]} 11. Nxe5 {[%clk 1:18:30]}  dxe5 {[%clk 1:31:57]} 12. Qxd8 {[%clk 1:12:42]}  Rxd8 {[%clk 1:32:18]} 13. Nd2 {[%clk 1:12:39]}  Bc5 {[%clk 1:30:41]} 14. Nf3 {[%clk 1:09:00]}  Ng4 {[%clk 1:28:35]} 15. Be3 {[%clk 1:08:07]}  Bxe3 {[%clk 1:28:36]} 16. fxe3 {[%clk 1:08:31]}  Be6 {[%clk 1:14:34]} 17. Bxe6 {[%clk 0:41:34]}  fxe6 {[%clk 1:14:47]} 18. Rad1 {[%clk 0:30:19]}  Rd6 {[%clk 1:03:25]} 19. h3 {[%clk 0:20:44]}  Nf6 {[%clk 1:01:53]} 20. Nxe5 {[%clk 0:21:05]}  Rad8 {[%clk 0:57:29]} 21. Rxd6 {[%clk 0:20:06]}  Rxd6 {[%clk 0:57:51]} 22. Nd3 {[%clk 0:19:23]}  Nxe4 {[%clk 0:55:16]} 23. Nxb4 {[%clk 0:19:30]}  c5 {[%clk 0:55:11]} 24. Nd3 {[%clk 0:19:39]}  c4 {[%clk 0:52:01]} 25. Nf2 {[%clk 0:08:57]}  Nc5 {[%clk 0:49:49]} 26. a5 {[%clk 0:09:20]}  Rd2 {[%clk 0:47:53]} 27. Rc1 {[%clk 0:09:42]}  Kf7 {[%clk 0:34:06]} 28. Kf1 {[%clk 0:09:52]}  h5 {[%clk 0:26:19]} 29. Ke1 {[%clk 0:09:46]}  Rd7 {[%clk 0:26:26]} 30. Ra1 {[%clk 0:08:57]}  Rb7 {[%clk 0:20:05]} 31. Ra2 {[%clk 0:07:56]}  Kg6 {[%clk 0:17:22]} 32. Kd2 {[%clk 0:06:44]}  Rf7 {[%clk 0:17:39]} 33. Ke2 {[%clk 0:06:59]}  Rb7 {[%clk 0:15:38]} 34. Kd2 {[%clk 0:06:16]}  Rf7 {[%clk 0:15:57]} 35. Ke2 {[%clk 0:06:45]}  Rb7 {[%clk 0:15:04]} 36. h4 {[%clk 0:01:58]}  Kf5 {[%clk 0:10:38]} 37. Kd2 {[%clk 0:01:52]}  e5 {[%clk 0:09:40]} 38. Kc3 {[%clk 0:00:50]}  Ne4+ {[%clk 0:09:29]} 39. Nxe4 {[%clk 0:01:15]}  Kxe4 {[%clk 0:09:55]} 40. Kd2 {[%clk 0:00:52]}  Rb4 {[%clk 0:02:49]} 41. Kc3 {[%clk 0:19:19]}  Rb7 {[%clk 0:32:24]} 42. Kd2 {[%clk 0:03:08]}  Rb4 {[%clk 0:32:44]} 43. Kc3 {[%clk 0:01:56]}  Rb7 {[%clk 0:33:05]} 1/2-1/2

[Event "45th FIDE Chess Olympiad Open"]
[Site "Budapest, Hungary"]
[Date "2024.09.22"]
[Round "11"]
[White "Pichot, Alan"]
[Black "Sjugirov, Sanan"]
[Result "1-0"]
[Board "7"]
[WhiteFideId "110973"]
[BlackFideId "4189302"]
[WhiteTitle "GM"]
[BlackTitle "GM"]
[WhiteElo "2628"]
[BlackElo "2644"]
[WhiteTeam "Spain"]
[BlackTeam "Hungary"]
[WhiteClock "0:05:10"]
[BlackClock "0:01:14"]
[Variant "Standard"]

1. e4 {[%clk 1:30:53]}  e5 {[%clk 1:30:51]} 2. Nf3 {[%clk 1:31:12]}  Nc6 {[%clk 1:31:14]} 3. Bc4 {[%clk 1:31:16]}  Bc5 {[%clk 1:31:32]} 4. d3 {[%clk 1:31:20]}  Nf6 {[%clk 1:31:48]} 5. O-O {[%clk 1:31:11]}  d6 {[%clk 1:30:10]} 6. c3 {[%clk 1:30:53]}  O-O {[%clk 1:29:49]} 7. h3 {[%clk 1:28:27]}  a5 {[%clk 1:29:21]} 8. Re1 {[%clk 1:27:33]}  Be6 {[%clk 1:25:26]} 9. Bb5 {[%clk 1:23:36]}  Ba7 {[%clk 1:23:00]} 10. Nbd2 {[%clk 1:19:38]}  Ne7 {[%clk 1:21:08]} 11. d4 {[%clk 1:17:08]}  Ng6 {[%clk 1:20:31]} 12. Ba4 {[%clk 1:13:56]}  Nh5 {[%clk 1:06:50]} 13. Nf1 {[%clk 1:12:54]}  Nhf4 {[%clk 0:58:53]} 14. Ng3 {[%clk 1:12:21]}  c6 {[%clk 0:57:28]} 15. Bc2 {[%clk 1:05:07]}  Qd7 {[%clk 0:55:28]} 16. Nf5 {[%clk 1:03:33]}  f6 {[%clk 0:53:40]} 17. N5h4 {[%clk 0:54:40]}  Qf7 {[%clk 0:33:48]} 18. Nxg6 {[%clk 0:49:16]}  Nxg6 {[%clk 0:34:10]} 19. Be3 {[%clk 0:49:15]}  Bb8 {[%clk 0:34:10]} 20. b3 {[%clk 0:37:53]}  b5 {[%clk 0:22:21]} 21. a4 {[%clk 0:31:36]}  Bc7 {[%clk 0:22:47]} 22. axb5 {[%clk 0:14:13]}  cxb5 {[%clk 0:23:13]} 23. d5 {[%clk 0:14:23]}  Bd7 {[%clk 0:23:32]} 24. c4 {[%clk 0:14:08]}  Qe7 {[%clk 0:18:12]} 25. Qd2 {[%clk 0:11:03]}  Rfb8 {[%clk 0:13:08]} 26. Red1 {[%clk 0:10:09]}  Qf8 {[%clk 0:13:07]} 27. Ra2 {[%clk 0:09:22]}  b4 {[%clk 0:04:37]} 28. Ne1 {[%clk 0:09:14]}  a4 {[%clk 0:03:47]} 29. Nd3 {[%clk 0:08:57]}  f5 {[%clk 0:02:49]} 30. f3 {[%clk 0:08:13]}  fxe4 {[%clk 0:00:39]} 31. fxe4 {[%clk 0:08:33]}  Nf4 {[%clk 0:00:58]} 32. c5 {[%clk 0:06:08]}  Nxd3 {[%clk 0:00:57]} 33. Bxd3 {[%clk 0:04:29]}  dxc5 {[%clk 0:01:16]} 34. d6 {[%clk 0:04:43]}  Bb6 {[%clk 0:01:20]} 35. Bc4+ {[%clk 0:04:51]}  Kh8 {[%clk 0:01:46]} 36. Rf1 {[%clk 0:05:02]}  Qc8 {[%clk 0:00:53]} 37. Bh6 {[%clk 0:04:37]}  gxh6 {[%clk 0:00:33]} 38. Qxh6 {[%clk 0:04:47]}  Qf8 {[%clk 0:00:45]} 39. Rxf8+ {[%clk 0:05:07]}  Rxf8 {[%clk 0:01:14]} 40. Rf2 {[%clk 0:05:10]} 1-0

[Event "45th FIDE Chess Olympiad Open"]
[Site "Budapest, Hungary"]
[Date "2024.09.22"]
[Round "11"]
[White "Gledura, Benjamin"]
[Black "Santos Latasa, Jaime"]
[Result "1-0"]
[Board "8"]
[WhiteFideId "712779"]
[BlackFideId "2293307"]
[WhiteTitle "GM"]
[BlackTitle "GM"]
[WhiteElo "2628"]
[BlackElo "2624"]
[WhiteTeam "Hungary"]
[BlackTeam "Spain"]
[WhiteClock "0:06:17"]
[BlackClock "0:07:18"]
[Variant "Standard"]

1. d4 {[%clk 1:30:56]}  Nf6 {[%clk 0:00:00]} 2. c4 {[%clk 1:30:56]}  e6 {[%clk 1:31:21]} 3. Nc3 {[%clk 1:31:23]}  Bb4 {[%clk 1:31:32]} 4. e3 {[%clk 1:31:30]}  O-O {[%clk 1:31:56]} 5. a3 {[%clk 1:31:30]}  Bxc3+ {[%clk 1:31:31]} 6. bxc3 {[%clk 1:31:44]}  c5 {[%clk 1:30:10]} 7. Bd3 {[%clk 1:30:09]}  Nc6 {[%clk 1:29:25]} 8. Ne2 {[%clk 1:28:08]}  b6 {[%clk 1:27:05]} 9. e4 {[%clk 1:27:49]}  Ne8 {[%clk 1:27:27]} 10. O-O {[%clk 1:26:56]}  Ba6 {[%clk 1:26:54]} 11. Nf4 {[%clk 1:25:33]}  e5 {[%clk 1:13:41]} 12. Nd5 {[%clk 1:07:45]}  exd4 {[%clk 0:54:35]} 13. e5 {[%clk 0:49:06]}  d6 {[%clk 0:49:23]} 14. f4 {[%clk 0:27:37]}  Ne7 {[%clk 0:36:17]} 15. cxd4 {[%clk 0:21:58]}  cxd4 {[%clk 0:34:21]} 16. a4 {[%clk 0:19:15]}  Rc8 {[%clk 0:21:27]} 17. Ra3 {[%clk 0:14:32]}  f5 {[%clk 0:17:41]} 18. Nxe7+ {[%clk 0:14:04]}  Qxe7 {[%clk 0:18:07]} 19. c5 {[%clk 0:14:27]}  dxe5 {[%clk 0:14:32]} 20. Bxa6 {[%clk 0:14:50]}  Rxc5 {[%clk 0:14:57]} 21. fxe5 {[%clk 0:14:22]}  Nc7 {[%clk 0:15:11]} 22. Be2 {[%clk 0:12:35]}  Qxe5 {[%clk 0:14:42]} 23. Raf3 {[%clk 0:11:33]}  Nd5 {[%clk 0:12:39]} 24. Ba3 {[%clk 0:09:32]}  Ne3 {[%clk 0:12:39]} 25. Qb3+ {[%clk 0:09:32]}  Kh8 {[%clk 0:13:03]} 26. Bxc5 {[%clk 0:09:11]}  Qxc5 {[%clk 0:13:24]} 27. Rb1 {[%clk 0:06:25]}  d3 {[%clk 0:12:54]} 28. Kh1 {[%clk 0:05:25]}  Ng4 {[%clk 0:12:34]} 29. Qxd3 {[%clk 0:05:28]}  Nf2+ {[%clk 0:12:47]} 30. Rxf2 {[%clk 0:05:53]}  Qxf2 {[%clk 0:13:13]} 31. Bf3 {[%clk 0:06:00]}  Qc5 {[%clk 0:11:14]} 32. h3 {[%clk 0:06:13]}  g6 {[%clk 0:11:26]} 33. Qd7 {[%clk 0:06:19]}  a6 {[%clk 0:11:15]} 34. Re1 {[%clk 0:05:48]}  Rc8 {[%clk 0:06:55]} 35. Bb7 {[%clk 0:05:49]}  Rf8 {[%clk 0:06:28]} 36. Re7 {[%clk 0:05:52]}  Qc1+ {[%clk 0:06:52]} 37. Kh2 {[%clk 0:06:17]}  Qf4+ {[%clk 0:07:16]} 38. g3 {[%clk 0:06:43]}  Qf2+ {[%clk 0:07:31]} 39. Bg2 {[%clk 0:07:07]}  Qb2 {[%clk 0:07:30]} 40. Rxh7+ {[%clk 0:07:07]}  Kg8 {[%clk 0:07:55]} 41. Rh6 {[%clk 0:05:57]}  Rf6 {[%clk 0:06:54]} 42. Qe8+ {[%clk 0:05:53]}  Kg7 {[%clk 0:07:18]} 43. Qh8+ {[%clk 0:06:17]} 1-0

[Event "45th FIDE Chess Olympiad Open"]
[Site "Budapest, Hungary"]
[Date "2024.09.22"]
[Round "11"]
[White "So, Wesley"]
[Black "Wei, Yi"]
[Result "1-0"]
[Board "10"]
[WhiteFideId "5202213"]
[BlackFideId "8603405"]
[WhiteTitle "GM"]
[BlackTitle "GM"]
[WhiteElo "2752"]
[BlackElo "2762"]
[WhiteTeam "United States of America"]
[BlackTeam "China"]
[WhiteClock "0:02:26"]
[BlackClock "0:00:44"]
[Variant "Standard"]

1. e4 {[%clk 1:30:54]}  c5 {[%clk 1:30:52]} 2. Nf3 {[%clk 1:31:18]}  d6 {[%clk 1:31:14]} 3. Bb5+ {[%clk 1:31:04]}  Nd7 {[%clk 1:31:31]} 4. a4 {[%clk 1:31:02]}  Ngf6 {[%clk 1:31:27]} 5. Nc3 {[%clk 1:30:50]}  g6 {[%clk 1:31:33]} 6. d4 {[%clk 1:29:17]}  cxd4 {[%clk 1:31:32]} 7. Nxd4 {[%clk 1:29:43]}  Bg7 {[%clk 1:30:22]} 8. O-O {[%clk 1:29:44]}  O-O {[%clk 1:22:15]} 9. Re1 {[%clk 1:29:59]}  Nc5 {[%clk 1:21:47]} 10. f3 {[%clk 1:17:27]}  a6 {[%clk 1:10:39]} 11. Bc4 {[%clk 1:03:37]}  Qc7 {[%clk 0:55:31]} 12. Bf1 {[%clk 0:54:57]}  e5 {[%clk 0:36:53]} 13. Nb3 {[%clk 0:54:32]}  Be6 {[%clk 0:37:11]} 14. Be3 {[%clk 0:53:30]}  b6 {[%clk 0:35:48]} 15. Re2 {[%clk 0:45:02]}  Rfd8 {[%clk 0:25:58]} 16. Rd2 {[%clk 0:45:10]}  Rd7 {[%clk 0:24:18]} 17. Nxc5 {[%clk 0:40:06]}  dxc5 {[%clk 0:24:31]} 18. Rxd7 {[%clk 0:39:18]}  Qxd7 {[%clk 0:15:53]} 19. Qxd7 {[%clk 0:36:46]}  Nxd7 {[%clk 0:15:44]} 20. Rd1 {[%clk 0:37:11]}  Bf6 {[%clk 0:13:34]} 21. Rd6 {[%clk 0:23:58]}  Be7 {[%clk 0:13:55]} 22. Rc6 {[%clk 0:22:42]}  Kf8 {[%clk 0:12:52]} 23. Nd5 {[%clk 0:21:13]}  Bd8 {[%clk 0:09:38]} 24. Bc4 {[%clk 0:19:04]}  Ke8 {[%clk 0:09:58]} 25. Kf2 {[%clk 0:12:31]}  Ra7 {[%clk 0:07:40]} 26. Rc8 {[%clk 0:12:45]}  Nf8 {[%clk 0:07:45]} 27. Rb8 {[%clk 0:11:58]}  Nd7 {[%clk 0:07:31]} 28. Rc8 {[%clk 0:12:26]}  Nf8 {[%clk 0:07:52]} 29. Nxb6 {[%clk 0:10:33]}  Bxc8 {[%clk 0:08:14]} 30. Nxc8 {[%clk 0:11:01]}  Ra8 {[%clk 0:05:20]} 31. Nd6+ {[%clk 0:11:24]}  Kd7 {[%clk 0:05:45]} 32. Nxf7 {[%clk 0:10:13]}  Bf6 {[%clk 0:05:58]} 33. Bxc5 {[%clk 0:07:54]}  Ne6 {[%clk 0:03:49]} 34. Ba3 {[%clk 0:05:20]}  Rc8 {[%clk 0:03:31]} 35. b3 {[%clk 0:05:36]}  Nd4 {[%clk 0:03:41]} 36. Bb2 {[%clk 0:05:03]}  a5 {[%clk 0:00:35]} 37. Bxd4 {[%clk 0:01:57]}  exd4 {[%clk 0:01:03]} 38. e5 {[%clk 0:02:10]}  Be7 {[%clk 0:00:31]} 39. f4 {[%clk 0:02:25]}  Kc6 {[%clk 0:00:31]} 40. Kf3 {[%clk 0:02:30]}  Kc5 {[%clk 0:00:44]} 41. Ke4 {[%clk 0:02:26]} 1-0

[Event "45th FIDE Chess Olympiad Open"]
[Site "Budapest, Hungary"]
[Date "2024.09.22"]
[Round "11"]
[White "Yu, Yangyi"]
[Black "Dominguez Perez, Leinier"]
[Result "1/2-1/2"]
[Board "11"]
[WhiteFideId "8603820"]
[BlackFideId "3503240"]
[WhiteTitle "GM"]
[BlackTitle "GM"]
[WhiteElo "2703"]
[BlackElo "2748"]
[WhiteTeam "China"]
[BlackTeam "United States of America"]
[WhiteClock "0:13:05"]
[BlackClock "0:26:42"]
[Variant "Standard"]

1. c4 {[%clk 1:30:55]}  c5 {[%clk 1:30:04]} 2. Nc3 {[%clk 1:30:19]}  Nc6 {[%clk 1:28:59]} 3. g3 {[%clk 1:29:04]}  g6 {[%clk 1:28:05]} 4. Bg2 {[%clk 1:27:54]}  Bg7 {[%clk 1:28:26]} 5. Nf3 {[%clk 1:27:19]}  e6 {[%clk 1:23:15]} 6. h4 {[%clk 1:25:15]}  h6 {[%clk 1:19:50]} 7. d3 {[%clk 1:07:52]}  Nge7 {[%clk 1:11:49]} 8. Bd2 {[%clk 1:07:09]}  b6 {[%clk 1:09:59]} 9. Qc1 {[%clk 1:04:12]}  Bb7 {[%clk 1:09:33]} 10. O-O {[%clk 1:04:33]}  Nf5 {[%clk 0:58:26]} 11. Re1 {[%clk 1:03:13]}  Rb8 {[%clk 0:47:10]} 12. Rb1 {[%clk 0:56:01]}  Ncd4 {[%clk 0:42:28]} 13. e4 {[%clk 0:55:16]}  Nxf3+ {[%clk 0:42:21]} 14. Bxf3 {[%clk 0:55:44]}  Nd4 {[%clk 0:42:12]} 15. Bg2 {[%clk 0:56:07]}  d6 {[%clk 0:37:47]} 16. Ne2 {[%clk 0:50:22]}  h5 {[%clk 0:35:35]} 17. Bg5 {[%clk 0:45:40]}  Qd7 {[%clk 0:35:51]} 18. Nxd4 {[%clk 0:42:43]}  Bxd4 {[%clk 0:35:08]} 19. Be3 {[%clk 0:42:36]}  Bg7 {[%clk 0:28:22]} 20. Qd2 {[%clk 0:41:20]}  e5 {[%clk 0:24:54]} 21. b4 {[%clk 0:30:45]}  O-O {[%clk 0:24:49]} 22. a4 {[%clk 0:26:36]}  a5 {[%clk 0:17:22]} 23. bxa5 {[%clk 0:25:13]}  bxa5 {[%clk 0:17:47]} 24. Qxa5 {[%clk 0:22:09]}  Bc6 {[%clk 0:18:01]} 25. Rxb8 {[%clk 0:16:48]}  Rxb8 {[%clk 0:18:28]} 26. Ra1 {[%clk 0:17:07]}  Ra8 {[%clk 0:15:45]} 27. Qb6 {[%clk 0:17:07]}  Rxa4 {[%clk 0:15:37]} 28. Rxa4 {[%clk 0:17:29]}  Bxa4 {[%clk 0:16:05]} 29. Qb8+ {[%clk 0:17:36]}  Bf8 {[%clk 0:14:35]} 30. Bg5 {[%clk 0:13:13]}  Qe8 {[%clk 0:10:42]} 31. Qa7 {[%clk 0:11:25]}  Bd7 {[%clk 0:09:47]} 32. Kh2 {[%clk 0:11:19]}  Qc8 {[%clk 0:05:34]} 33. Qb6 {[%clk 0:09:58]}  Qc6 {[%clk 0:04:55]} 34. Qa5 {[%clk 0:09:56]}  Qc8 {[%clk 0:04:26]} 35. Bf6 {[%clk 0:07:20]}  Bg4 {[%clk 0:03:23]} 36. Qa7 {[%clk 0:05:18]}  Bg7 {[%clk 0:02:03]} 37. Be7 {[%clk 0:05:31]}  Bf8 {[%clk 0:02:20]} 38. Bg5 {[%clk 0:05:44]}  Qd7 {[%clk 0:01:45]} 39. Qb8 {[%clk 0:05:34]}  Qc8 {[%clk 0:02:01]} 40. Qa7 {[%clk 0:05:09]}  Qd7 {[%clk 0:02:22]} 41. Qa8 {[%clk 0:04:12]}  Qc8 {[%clk 0:02:19]} 42. Qxc8 {[%clk 0:23:56]}  Bxc8 {[%clk 0:32:47]} 43. Bh3 {[%clk 0:24:17]}  Bxh3 {[%clk 0:28:48]} 44. Kxh3 {[%clk 0:24:45]}  Kg7 {[%clk 0:29:07]} 45. Bd8 {[%clk 0:20:29]}  f6 {[%clk 0:28:42]} 46. f4 {[%clk 0:12:42]}  f5 {[%clk 0:27:04]} 47. Kg2 {[%clk 0:12:50]}  Kf7 {[%clk 0:26:42]} 48. Kf3 {[%clk 0:13:05]} 1/2-1/2

[Event "45th FIDE Chess Olympiad Open"]
[Site "Budapest, Hungary"]
[Date "2024.09.22"]
[Round "11"]
[White "Aronian, Levon"]
[Black "Bu, Xiangzhi"]
[Result "1/2-1/2"]
[Board "12"]
[WhiteFideId "13300474"]
[BlackFideId "8601445"]
[WhiteTitle "GM"]
[BlackTitle "GM"]
[WhiteElo "2729"]
[BlackElo "2693"]
[WhiteTeam "United States of America"]
[BlackTeam "China"]
[WhiteClock "0:52:59"]
[BlackClock "1:01:12"]
[Variant "Standard"]

1. e4 {[%clk 1:30:54]}  e5 {[%clk 1:30:50]} 2. Nf3 {[%clk 1:31:18]}  Nf6 {[%clk 1:31:16]} 3. Nxe5 {[%clk 1:31:43]}  Nxe4 {[%clk 1:31:35]} 4. Qe2 {[%clk 1:28:56]}  Qe7 {[%clk 1:31:59]} 5. Qxe4 {[%clk 1:29:01]}  d6 {[%clk 1:32:23]} 6. d4 {[%clk 1:29:05]}  dxe5 {[%clk 1:32:48]} 7. dxe5 {[%clk 1:29:23]}  Nc6 {[%clk 1:33:15]} 8. Nc3 {[%clk 1:29:22]}  Qxe5 {[%clk 1:33:35]} 9. Qxe5+ {[%clk 1:27:17]}  Nxe5 {[%clk 1:34:03]} 10. Bf4 {[%clk 1:27:10]}  f6 {[%clk 1:34:10]} 11. O-O-O {[%clk 1:25:46]}  Bd7 {[%clk 1:34:26]} 12. Bb5 {[%clk 1:17:15]}  c6 {[%clk 1:32:21]} 13. Ba4 {[%clk 1:14:39]}  O-O-O {[%clk 1:28:28]} 14. Rhe1 {[%clk 1:14:37]}  Ng6 {[%clk 1:17:39]} 15. Bg3 {[%clk 1:12:13]}  f5 {[%clk 1:16:37]} 16. Ne2 {[%clk 1:04:19]}  Bc5 {[%clk 1:12:00]} 17. Bb3 {[%clk 1:04:39]}  Rde8 {[%clk 1:09:12]} 18. Bf7 {[%clk 0:56:06]}  Re7 {[%clk 1:08:19]} 19. Bxg6 {[%clk 0:56:22]}  hxg6 {[%clk 1:08:47]} 20. Nf4 {[%clk 0:56:25]}  Rxe1 {[%clk 1:08:48]} 21. Rxe1 {[%clk 0:56:04]}  g5 {[%clk 1:09:12]} 22. Nd3 {[%clk 0:56:25]}  Bd4 {[%clk 1:07:34]} 23. Bd6 {[%clk 0:55:07]}  Rh6 {[%clk 1:02:30]} 24. Bc5 {[%clk 0:54:17]}  Bxc5 {[%clk 1:01:24]} 25. Nxc5 {[%clk 0:54:41]}  b6 {[%clk 1:01:51]} 26. Nxd7 {[%clk 0:54:59]}  Kxd7 {[%clk 1:02:20]} 27. h3 {[%clk 0:54:50]}  Rh4 {[%clk 1:02:43]} 28. Re3 {[%clk 0:53:24]}  g4 {[%clk 1:01:57]} 29. hxg4 {[%clk 0:52:35]}  Rxg4 {[%clk 1:02:24]} 30. g3 {[%clk 0:52:59]}  a5 {[%clk 1:01:12]} 1/2-1/2